| 000 | 00865nam a2200217 a 4500 | ||
|---|---|---|---|
| 005 | 20210219160150.0 | ||
| 008 | 080922s1978 mx r 000 0 spa d | ||
| 035 | _aUPN01000159905 | ||
| 049 | _aUNE | ||
| 080 | _a377.001. 6 (85) VER | ||
| 100 | 1 | _aVerástegui, Luis | |
| 245 | 1 | 0 |
_aEstudio de cambios e innovaciones en la educación técnica y la formación profesional en América Latina y el Caribe : _bPerú / _cLuis Verástegui; Jorge Robles colaborador. |
| 260 |
_aSantiago de Chile : _bOREALC, _c1978. |
||
| 300 |
_a106 p. ; _btabl. |
||
| 500 | _aincluye bibliografía | ||
| 690 | _aEnseñanza tecnica- Metas de la educacion- Peru | ||
| 690 | _aFormacion profesional- Enseñanza tecnica- Peru 3 | ||
| 700 | 1 | _aRobles, Jorge, colab. | |
| 710 | 2 | _aOREALC. Oficina Regional de Educación de la UNESCO para América Latina y el Caribe | |
| 905 | _aUNESCO | ||
| 999 |
_c132019 _d132019 |
||